Simulácia útočníkov
Uložené v:
| Hlavný autor: | |
|---|---|
| Ďalší autori: | |
| Médium: | Rukopis Kniha |
| Jazyk: | Slovak |
| Vydavateľské údaje: |
2023
|
| Predmet: | |
| On-line prístup: | http://is.stuba.sk/zp/portal_zp.pl?podrobnosti=162740 |
| Tagy: |
Žiadne tagy, Buďte prvý, kto otaguje tento záznam!
|
MARC
| LEADER | 00000ntm a22000003a 4500 | ||
|---|---|---|---|
| 001 | stuzp92490 | ||
| 003 | SK-STU | ||
| 005 | 20230909213332.2 | ||
| 007 | ta | ||
| 008 | 150427s2015----xo-----f-mn---000-0-slo-d | ||
| 040 | |a STU |b slo | ||
| 041 | 0 | |a slo | |
| 100 | 1 | |a Rohun, Marián |u 070400 |4 aut |U FIIT Fakulta informatiky a informačných technológií |T FIIT Ústav počítačového inžinierstva a aplikovanej informatiky |X 110886 |U I400 |Y 672 |7 110886 | |
| 242 | 0 | 1 | |a Hacker simulation |y eng |
| 245 | 1 | 0 | |a Simulácia útočníkov |
| 260 | |c 2023 | ||
| 650 | 4 | |a kybernetická bezpečnosť |2 slo | |
| 650 | 4 | |a MITRE |2 slo | |
| 650 | 4 | |a Útoky |2 slo | |
| 650 | 4 | |a Techniky |2 slo | |
| 650 | 4 | |a YAML |2 slo | |
| 650 | 4 | |a APT3 |2 slo | |
| 650 | 4 | |a APT/FIN |2 slo | |
| 650 | 4 | |a Atomic Red Team |2 slo | |
| 650 | 4 | |a Simulátor útokov |2 slo | |
| 650 | 4 | |a APT/FIN |2 eng | |
| 650 | 4 | |a APT3 |2 eng | |
| 650 | 4 | |a Attack Simulator |2 eng | |
| 650 | 4 | |a Hacking |2 eng | |
| 650 | 4 | |a MITRE |2 eng | |
| 650 | 4 | |a Atomic Red Team |2 eng | |
| 650 | 4 | |a Cyber security |2 eng | |
| 650 | 4 | |a Techniques |2 eng | |
| 650 | 4 | |a YAML |2 eng | |
| 700 | 1 | |a Kaňuch, Peter |u 070400 |k Z8 |4 ths |U FIIT Fakulta informatiky a informačných technológií |T FIIT Ústav počítačového inžinierstva a aplikovanej informatiky |X 73957 |U I400 |Y 672 |7 73957 | |
| 856 | 4 | |u http://is.stuba.sk/zp/portal_zp.pl?podrobnosti=162740 | |